Video Engineering /
Contenido: Fundamentos de los sistemas de video; Fundamentos del video a color; Introducción a la tecnología digital; Elementos de la calidad de imagen; Tecnología de audio para video; Sistemas de video análogo; Sistemas de video digital para televisión digital; Sistemas de video digital para comput...
Guardado en:
| Autor principal: | |
|---|---|
| Otros autores: | |
| Formato: | Libro |
| Idioma: | Inglés |
| Publicado: |
Nueva York, EUA :
McGraw-Hill,
1999, c1999
|
| Edición: | 3a edición |
| Colección: | (McGraw-Hill Video/Audio Professional)
|
| Temas: | |
| Etiquetas: |
Sin etiquetas, Sé el primero en etiquetar este registro!
|
MARC
| LEADER | 00000nam^a2200000^a^4500 | ||
|---|---|---|---|
| 001 | 000153946 | ||
| 005 | 20250521000000.0 | ||
| 009 | 20260310100336.835 | ||
| 020 | |a 0-07-135017-9 | ||
| 037 | |a Acervo ITESO - Biblioteca | ||
| 041 | |a ING | ||
| 082 | |a 621. 38833 |b LUT | ||
| 100 | |a Luther, Arch C. |e (autor) | ||
| 245 | 1 | 0 | |a Video Engineering / |c A.C. Luther, A.F. Inglis. |
| 250 | |a 3a edición | ||
| 264 | 4 | |a Nueva York, EUA : |b McGraw-Hill, |c 1999, c1999 | |
| 300 | |a XIV, 562 p. | ||
| 336 | |a texto |b txt |2 rdacontenido | ||
| 337 | |a sin mediación |b n |2 rdamedio | ||
| 338 | |a volumen |b nc |2 rdasoporte | ||
| 440 | 1 | |a (McGraw-Hill Video/Audio Professional) | |
| 520 | |a Contenido: Fundamentos de los sistemas de video; Fundamentos del video a color; Introducción a la tecnología digital; Elementos de la calidad de imagen; Tecnología de audio para video; Sistemas de video análogo; Sistemas de video digital para televisión digital; Sistemas de video digital para computadoras; Cámaras de video; Cámaras de video profesionales; Cámaras de video semiprofesionales; Sistemas de postproducción de video; Receptores de televisión y monitores de video; Sistemas de video interactivo: Sistemas de transmisión; Comunicaciones de video por satélite; Sistemas de transmisión por fibra óptica; Video en internet. | ||
| 649 | |a XX | ||
| 650 | |a Cámaras de Video | ||
| 650 | |a Video - |x Equipo y Aparatos | ||
| 650 | |a Video - |x Aspectos Tecnológicos | ||
| 650 | |a Internet | ||
| 650 | |a Multimedia | ||
| 650 | |a Compresión de Imágenes | ||
| 650 | |a Manipulación de Imagen por Computadora | ||
| 650 | |a Grabación y Reproducción de la Imagen | ||
| 650 | |a Imagen | ||
| 650 | |a Proceso Electrónico de Datos | ||
| 650 | |a Tecnologías de Comunicación e Información | ||
| 650 | |a Telecomunicaciones | ||
| 650 | |a Electrónica Digital | ||
| 650 | |a Electrónica | ||
| 650 | |a Ingeniería Computacional | ||
| 650 | |a Ingeniería Electrónica | ||
| 700 | |a Inglis, Andrew F. |e (autor) | ||
| 910 | |a Fondo General | ||
| 920 | |a Impresos - Libros | ||
| 930 | |a Colección General | ||
| 905 | |a 101 | ||
| 901 | |a 0500082384 |b IT1 |c ACC |u 20250521 | ||
| 902 | |a https://opac.biblio.iteso.mx/vufind/Record/000153946 | ||